Ekonomičeskaja situacija v stranach, perechodjaščich k rynku: Jeje vlijanije na vodorozdel meždu Vostočnoj i Zapadnoj Jevropoj.

Východná a stredná Európa prestala byť politicky a obchodne uzavretým blokom, avšak ekonomické rozdiely pretrvávajú a aj sa prehlbujú. Analýza dlhodobého poklesu v krajinách bývalého východného bloku a súčasnej ekonomickej situácie krajín, prechádzajúcich na trhovú ekonomiku. Závery týkajúce sa ekon...

Descrizione completa

Salvato in:
Dettagli Bibliografici
Autore principale: Vacič, A.
Natura: Capitolo di libro
Lingua:russo
Soggetti:
Tags: Aggiungi Tag
Nessun Tag, puoi essere il primo ad aggiungerne!!

MARC

LEADER 00000naa a2200000 4500
001 r007716
005 20221130112717.1
041 0 |a rus 
044 |a [SU] 
245 1 0 |a Ekonomičeskaja situacija v stranach, perechodjaščich k rynku: Jeje vlijanije na vodorozdel meždu Vostočnoj i Zapadnoj Jevropoj.  |c A. Vacič 
520 |a Východná a stredná Európa prestala byť politicky a obchodne uzavretým blokom, avšak ekonomické rozdiely pretrvávajú a aj sa prehlbujú. Analýza dlhodobého poklesu v krajinách bývalého východného bloku a súčasnej ekonomickej situácie krajín, prechádzajúcich na trhovú ekonomiku. Závery týkajúce sa ekonomickej a politickej rovnováhy v Európe, možností technickej a ekonomickej rekonštrukcie postkomunistických štátov a možnosti odstránenia nových rozdielov medzi východom a západom. 
610 2 0 |a vývoj hospodársky 
610 2 0 |a východná Európa 
610 2 0 |a stredná Európa 
610 2 0 |a hospodárstvo trhové 
610 2 0 |a rovnováha hospodárska 
610 2 0 |a Európa 
610 2 0 |a zmeny štruktúrne 
610 2 0 |a údaje štatistické 
100 1 |a Vacič, A.